Escaramuza / (Record no. 157783)

MARC details
000 -CABECERA
campo de control de longitud fija 00552nam a2200205 u 4500
005 - FECHA Y HORA DE LA ÚLTIMA TRANSACCIÓN
campo de control 20210223131759.0
008 - ELEMENTOS DE LONGITUD FIJA--INFORMACIÓN GENERAL
campo de control de longitud fija 120703s2007 r 000 0 eng d
020 ## - NÚMERO INTERNACIONAL NORMALIZADO PARA LIBROS
Número Internacional Estándar del Libro 9789708120258
035 ## - NÚMERO DE CONTROL DEL SISTEMA
Número de control de sistema UPN01000185680
049 ## - COLECCIÓN
Colección CG
050 #4 - SIGNATURA TOPOGRÁFICA DE LA BIBLIOTECA DEL CONGRESO
Número de clasificación PQ7298.13 H5.5
Número de documento/Ítem E7.3
100 1# - ASIENTO PRINCIPAL--NOMBRE PERSONAL
Nombre de persona Chimal, Carlos,
Fechas asociadas al nombre 1954-
9 (RLIN) 32584
245 10 - MENCIÓN DE TÍTULO
Título Escaramuza /
Mención de responsabilidad, etc. Carlos Chimal.
260 ## - PUBLICACIÓN, DISTRIBUCIÓN, ETC.
Lugar de publicación, distribución, etc. México :
Nombre del editor, distribuidor, etc. Punto de Lectura,
Fecha de publicación, distribución, etc. 2007.
300 ## - DESCRIPCIÓN FÍSICA
Extensión 180 p.
440 #0 - MENCIÓN DE SERIE/ASIENTO SECUNDARIO--TÍTULO
Título Punto de lectura ;
Designación de volumen o secuencia 216
650 #4 - ASIENTO SECUNDARIO DE MATERIA - TERMINO TEMATICO
Término de materia o nombre geográfico como elemento de entrada DEPORTES -
Subdivisión de forma NOVELA
9 (RLIN) 21160
905 ## - TIPO DE MATERIAL
Tipo de material Libro
Holdings
Estado de retiro Estado de pérdida Fuente del sistema de clasificación o colocación Estado dañado No para préstamo Código de colección Localización permanente Ubicación/localización actual Ubicación en estantería Total de préstamos Clasificación Código de barras Fecha visto por última vez Número de copia Tipo de ítem Koha
    Library of Congress Classification     Colección General Bib. Gregorio Torres Quintero Bib. Gregorio Torres Quintero Planta baja   PQ7298.13 H5.5 E7.3 283384 31/12/2020 1 Libro